00557 2200205 4500001002100000005001500021035002000036007000300056008004100059020002200100082001000122084001600132100003100148245005900179250001000238260003600248300002600284650002900310990001200339INLIS00000000001755620241129080445 a0010-1124000021ta241129 g f ind  a978-623-332-564-6 a808.3 a808.3 MEN p0 aMENULISLAH,The blue morpho1 aPerigi cinta tak bertepi /cMenulislah the blue morpho acet.1 aCirebon :bKMO Indonesia,c2022 a170 hlm :bilus ;c20 4aCINTA DALAM KESUSASTRAAN a12361 a